000 00476nam a2200157 i 4500
001 bg
100 1 _aPARAFINIUK-SOIŃSKA, Janina
245 0 _aStudenci a kultura /
_cJ. Parafiniuk-Siońska ; Wyższa Szkoła Pedagogiczna w Szczecinie.
260 _aWarszawa :
_bPańst. Wydaw. Naukowe,
_c1986.
650 9 _aStudenci a kultura
_xzagadnienia
650 9 _aKultura
_xzagadnienia
040 _cBPK
041 _apol
942 _cKS
008 s pl f |000 0 pol
999 _c23155
_d23155
856 _uhttp://koha.tu.koszalin.pl/cgi-bin/koha/opac-detail.pl?biblionumber=23155
_yKatalog online BPK